| 000 | 00745nam a22002537a 4500 | ||
|---|---|---|---|
| 003 | OSt | ||
| 005 | 20260218015724.0 | ||
| 008 | 260218b |||||||| |||| 00| 0 eng d | ||
| 020 | _a978-621-412-068-0 | ||
| 040 |
_aDWCL - Main lib _cOC |
||
| 082 | _aFil. 700 p434m 2018 | ||
| 100 | _aPerez, Vilma V. | ||
| 245 |
_aMapeh 7 / _cVilma V. Perez |
||
| 260 |
_aQuezon city, Philippines : _bAbiva Publishing house, _cc2019. |
||
| 300 |
_axii, 425 p: _bcol.ill; _c25cm. |
||
| 504 | _a1.Includes bibliography. | ||
| 650 | _a1.Music | ||
| 650 | _a2. Arts | ||
| 650 | _a3. Physical Education | ||
| 650 | _a4. Health | ||
| 700 |
_aI.Perez, Candice Marie V. _eAuthor |
||
| 700 |
_aII.Antonio, Jonathan E. _eAuthor |
||
| 942 |
_2ddc _cBK-FIL _mFil. _n0 |
||
| 999 |
_c8424 _d8424 |
||